000 00689cam a22002413a 4500
001 3147
003 PGUSA
005 20140828083026.0
008 020301s2002||||xxu|||||s|||||000 1 eng d
040 _aPGUSA
_beng
042 _adc
050 4 _aPS
050 4 _aPZ
100 1 _aWiggin, Kate Douglas Smith,
_d1856-1923
245 1 2 _aA Summer in a Canyon :
_bA California Story
_h[electronic resource] /
_cKate Douglas Smith Wiggin
260 _bProject Gutenberg,
_c2002
506 _aPublic domain in the USA.
516 _aElectronic text
653 _aCalifornia -- Fiction
830 0 _aProject Gutenberg
_v3147
856 4 0 _uhttp://www.gutenberg.org/ebooks/3147
942 _cEB
999 _c232476
_d232476